header

Racing Odysseus (Record no. 150816)

MARC details
000 -LEADER
fixed length control field 01549nam a2200385 a 4500
082 04 - DEWEY DECIMAL CLASSIFICATION NUMBER
Classification number 378.1/11
-- B
100 1# - MAIN ENTRY--AUTHOR NAME
Personal name Martin, Roger H.,
245 10 - TITLE STATEMENT
Title Racing Odysseus
260 ## - PUBLICATION, DISTRIBUTION, ETC. (IMPRINT)
Place of publication Berkeley :
Name of publisher University of California Press,
Year of publication c2008.
300 ## - PHYSICAL DESCRIPTION
Number of Pages xi, 262 p.
650 #0 - SUBJECT ADDED ENTRY--TOPICAL TERM
Topical Term College presidents
Topical Term Adult college students
Topical Term Cancer
856 40 - ELECTRONIC LOCATION AND ACCESS
Uniform Resource Identifier http://site.ebrary.com/lib/rucke/Doc?id=10240766

No items available.

© 2026 Rongo University
Contact us: librarian | system librarian | Rongo university